South Eastern Kenya University

Library Online Public Access Catalogue


An introduction to the chemistry of heterocyclic compounds (Record no. 2263)

MARC details
000 -LEADER
fixed length control field 00383mam a22001331 4500
050 0# - LIBRARY OF CONGRESS CALL NUMBER
Classification Number QD400
Item Number .A16 1967
100 1# - MAIN ENTRY--Author
Personal name Acheson, R. M.
245 13 - TITLE
Title An introduction to the chemistry of heterocyclic compounds
Statement of responsibility, etc [by] R.M. Acheson.
250 ## - EDITIONSTATEMENT
Edition statement 2d ed.
260 ## - PUBLICATION, DISTRIBUTION, ETC.(IMPRINT)
Place of publication, distribution, etc New York,
Name of publisher, distributor, etc Interscience Publishers
Date of publication, distribution, etc [1967]
300 ## - PHYSICAL DESCRIPTION
Extent xvii, 408 p.
650 #0 - SUBJECT--TOPIC
General subdivision heterocyclic compounds
942 ## - ADDED ENTRY ELEMENTS(KOHA)
Koha item type General circulation
Holdings
Source of classification or shelving scheme Not for loan Location (home branch) Sublocation (holding branch) Date accessioned Cost, normal purchase price Full call number Barcode Cost, replacement price Koha item type Public note
Library of Congress Classification   Main Campus Library Main Campus Library 28/08/2014 120.00 QD400 .A16 1967 2016/012190 620.00 General circulation jm
Kitui, Kenya.
+254736116989
library@seku.ac.ke